مكتبة جامعة عجلون الوطنية

فهرس بحث المكتبة

اثر الخدمات المصرفية الالكترونية على رضا العملاء في البنوك التجارية الاردنية: الثقة في التكنولوجيا كمتغير معدل = The Impact of Electronic Banking Services on Customer Satisfaction in Jordanian Commercial Banks: Trust in Technology as a Moderating Variable / (Record no. 32274)

MARC details
000 -LEADER
fixed length control field 01470nam a2200253Ii 4500
003 - CONTROL NUMBER IDENTIFIER
control field JO-AjNU
005 - DATE AND TIME OF LATEST TRANSACTION
control field 20240626113358.0
008 - FIXED-LENGTH DATA ELEMENTS--GENERAL INFORMATION
fixed length control field 230605s9999||||xx |||||||||||||| ||und||
040 ## - CATALOGING SOURCE
Original cataloging agency JO-AjNU
Language of cataloging ara
Description conventions rda
Transcribing agency JO-AjNU
041 ## - LANGUAGE CODE
Language code of text/sound track or separate title ara
050 14 - LIBRARY OF CONGRESS CALL NUMBER
Classification number HG1710.2022
100 #1 - MAIN ENTRY--PERSONAL NAME
Personal name الزريقات، زيد مصطفى عبدالرحيم
Relator term معد
9 (RLIN) 65684
245 00 - TITLE STATEMENT
Title اثر الخدمات المصرفية الالكترونية على رضا العملاء في البنوك التجارية الاردنية: الثقة في التكنولوجيا كمتغير معدل = The Impact of Electronic Banking Services on Customer Satisfaction in Jordanian Commercial Banks: Trust in Technology as a Moderating Variable /
Statement of responsibility, etc. اعداد زيد مصطفى عبدالرحيم الزريقات؛ اشراف محمود علي الروسان، خالد محمد الذيابات
264 31 - PRODUCTION, PUBLICATION, DISTRIBUTION, MANUFACTURE, AND COPYRIGHT NOTICE
Place of production, publication, distribution, manufacture 2022
300 ## - PHYSICAL DESCRIPTION
Extent 89ورقة
336 ## - CONTENT TYPE
Content type term text
Content type code txt
Source rdacontent
337 ## - MEDIA TYPE
Media type term unmediated
Media type code n
Source rdamedia
338 ## - CARRIER TYPE
Carrier type term volume
Carrier type code nc
Source rdacarrier
500 ## - GENERAL NOTE
General note رسالة جامعية(اطروحة ماجستير) تخصص ادارة الاعمال/كلية ادارة الاعمال، جامعة عجلون الوطنية، 2022
650 #4 - SUBJECT ADDED ENTRY--TOPICAL TERM
Topical term or geographic name entry element البنوك-الخدمات المصرفية-الاردن
9 (RLIN) 63304
700 #1 - ADDED ENTRY--PERSONAL NAME
Personal name الروسان، محمود علي
Relator term مشرف رئيسي
9 (RLIN) 65363
700 #1 - ADDED ENTRY--PERSONAL NAME
Personal name الذيابات، خالد محمد
Relator term مشرف مشارك
9 (RLIN) 65563
942 ## - ADDED ENTRY ELEMENTS (KOHA)
Source of classification or shelving scheme Library of Congress Classification
Koha item type Thesis
Holdings
Withdrawn status Lost status Source of classification or shelving scheme Damaged status Not for loan Home library Current library Shelving location Date acquired Total Checkouts Full call number Barcode Date last seen Price effective from Koha item type
    Library of Congress Classification     مكتبة جامعة عجلون الوطنية مكتبة جامعة عجلون الوطنية المراجع 06/06/2023   HG1710.2022 A28706 06/06/2023 06/06/2023 Thesis
    Library of Congress Classification     مكتبة جامعة عجلون الوطنية مكتبة جامعة عجلون الوطنية   26/06/2024   HG1710.2022 a28707 26/06/2024 26/06/2024 Thesis